000 00919nas a2200289 i 4500
001 928
003 ES-MaACL
005 20250812062551.0
007 t|
008 950801c1962 fr | | 1 ||re d
080 _a44
245 0 3 _aLa Galerie des arts.
260 _a[Paris ; Milan :
_bConfalonieri],
_c1962.
300 _a26 v. ;
_c34, 26 y 30 cm.
310 _aSemanal
321 _aMensual,
_b1962-oct. 1968
321 _aQuincenal,
_bnov. 1968-jul. 1970
321 _aMensual,
_bago. 1970-1980
362 0 _aN. 1 (nov. 1962)-
650 1 7 _aArte
_2embne
_910068
785 0 7 _aJardin des arts, para formar Galerie des arts. Jardin des arts
_dMar. 1974
785 0 0 _aArts magazine
_d1981
785 0 0 _aArts
_dJun. 1981
852 _aES-MaACL
_jHEM-H-197
_xhem-1209
_d
866 0 _o1962-67(1968f.n.61)(1969f.nov.-dic.)1970-71(1972),(1974)(1975f.n.144y150)1976-80(1981f.n.23y32).
999 _c928
_d928